000 01383nam a2200253Ia 4500
008 0000002009 pr ad 0000000000mul00
020 _a9780977079193
090 _aPPR00 M67p
100 1 _aMoreira, Rubén Alejandro
245 1 3 _aEl plan pictórico de lo concreto
_b: Julio Rosado del Valle = The pictorial strategy of the concrete Julio Rosado del Valle
_c/ por Rubén Alejandro Moreira ; traducción Anne Catesby Jones ; fotografías John Betancourt
300 _a292 p.
_c/ 27 cm.
500 _aExposición realizada en Museo de Arte de Puerto Rico, enero 24 a junio 21 de 2009 \ Texto bilingue: español inglés \ Registro auspiciado por la FGAA. Bogotá
501 _aA un pie de la playa, el artista El moderno lirismo Residencia y vuelo La erosión de las formas El drama de la metamorfosis La larva se abre Las cosas siempre tuvieron ánima Con muchas vidas
600 0 0 _aROSADO DEL VALLE, JULIO, 19222008/
_xTRABAJOS PICTORICOS
650 1 4 _aARTE CONTEMPORANEO PUERTORRIQUEÑO
650 1 4 _aARTISTAS PLASTICOS PUERTORRIQUEÑOS
650 1 4 _xCATALOGOS
650 1 4 _aDIBUJOS PUERTORRIQUEÑOS
650 1 4 _xEXPOSICIONES
650 1 4 _aPINTORES PUERTORRIQUEÑOS
650 1 4 _aPINTURA PUERTORRIQUEÑA
700 1 _aJones, Anne Castesby, tr. \ Betancourt, John
999 _c10299
_d10299
260 _aSan Juan (Puerto Rico) : Museo de Arte de Puerto Rico
_c2009